000 00846nam a2200265Ia 4500
003 OSt
005 20220918172004.0
006 a|||||r|||| 00| 0
007 ta
008 220917b |||||||| |||| 00| 0 eng d
020 _a978856047784 (pbk)
_c3784.34
024 _a256,499
037 _bIN4435, 13/12/2011, New India Book Agency
_cTextual
040 _aARTS
_cARTS
_beng
041 _2eng
_aeng
082 _a2:7.1'P, P6;P9
100 _aCassell Kay Ann
_923521
245 0 _aReference information services in the 21st century
_b An introduction
250 _a2nd ed rev.
260 _aLondon
_bFacet Publication UK
_c2009
300 _axvii,459p.
_ccm.
650 _aLIBRARY SCIENCE
942 _h2:7.1'P, P6;P9
_cTEXL
_2CC
999 _c142170
_d142170